| 000 | 00986cab a22001935a 4500 | ||
|---|---|---|---|
| 001 | L146217 | ||
| 008 | 081216s2008 xxkdo f s 000 0 eng d | ||
| 035 | _a(Sirsi) u146217 | ||
| 041 | 0 | _aeng | |
| 100 | 1 | _aPaice, Catherine | |
| 245 | 0 | 4 |
_aThe land market 2008 _bthe first six months |
| 260 | _c2008 | ||
| 490 |
_aFarmland Market _v(70) Winter 2008, 4-5(2) |
||
| 520 | _aArticle looks at the considerable increases in rural land values over the last six months and explores some of the causes behind it. Key drivers included increases in biofuel production, rising wheat and soybean futures and Capital Gains tax changes. The author comments on the future for rural land values and says that while high quality land will always command a premium, a two-tier system is becoming apparent, where less productive farms become markedly harder to sell. | ||
| 590 | _aKA | ||
| 651 | 4 |
_aUnited Kinggdom _y |
|
| 690 | _aPROPERTY-RURAL AND NATURAL ASSETS-AGRICULTURAL PROPERTY | ||
| 942 | _n0 | ||
| 999 |
_c81089 _d81089 |
||